Normal view
MARC view
- City planning
Entry Topical Term
001 - CONTROL NUMBER
- control field: 19405
003 - CONTROL NUMBER IDENTIFIER
- control field: NUST
005 - DATE AND TIME OF LATEST TRANSACTION
- control field: 20190821101758.0
008 - FIXED-LENGTH DATA ELEMENTS
- fixed length control field: 190821|| aca||aabn | a|a d
040 ## - CATALOGING SOURCE
- Original cataloging agency: NUST
- Transcribing agency: NUST
150 ## - HEADING--TOPICAL TERM
- Topical term or geographic name entry element: City planning
- Geographic subdivision: United States.
670 ## - SOURCE DATA FOUND
- Source citation: Work cat.: (NUST)0: Levy, John M. 19404, Contemporary urban planning /, c2006.
